000 04108nkm0a2200541 4500
001 RU\NLR\bibl\2086255
005 20260607071553.0
020 _aRU
_b1157
_9ЛЕНИНГРАД В ВЕЛИКОЙ ОТЕЧЕСТВЕННОЙ ВОЙНЕ : Печать Ленинграда, 1941 - 1945 : каталог изданий, хранящихся в фондах Гос. Публ. б-ки, вып.2. Листовки, плакаты, открытки, альбомы / Гос. публ. б-ка им. М.Е. Салтыкова-Щедрина. - Ленинград, 1972
035 _a(NLR Aleph) 010197925
071 5 0 _a2462
_d50 коп.
_910000
090 _a13291112
_c13291112
100 _a20131203d1943 u y0rusy50 ca
101 0 _arus
102 _aRU
116 _aiiyc||||||bi ae
135 _acrcn 024apaba
200 1 _aПулеметчик Максим
_bИзоматериал
_eНа границе шумели березки, Где теперь пришлось нам воевать ...
_eпочтовая карточка
_fхуд.: С.М. Мочалов
_gтекст В. Выховичного [т.е. Дыховичного]
_gред.: М.А. Матвеев
210 _aЛенинград
_cИскусство
_d1943
_gЛТ УН-9
215 _a1 л. (2 изобр., 2 стб., 39 строк текста)
_cцв. литогр.
_d14,1х10
300 _aЦенз. разрешение: М-02936
300 _aИзд. номер: 2462
321 1 _aСражающийся Ленинград. Почтовая открытка = Postcard. Leningrad in strugle : энциклопедический каталог / А.Д. Гдалин, М.Р. Иванова ; [Союз проф. литераторов России и др.]. - Санкт-Петербург : Инфо-Да, 2007.
_c438
325 1 _aЭлектронная копия доступна в Электронной библиотеке РНБ
327 0 _aСоветский солдат за пулеметом; текст песни на музыку С.А. Каца; пулеметчик, передвигающийся по полю боя
517 1 _aНа границе шумели березки, Где теперь пришлось нам воевать ...
540 1 _aСоветский солдат за пулеметом; текст песни на музыку С.А. Каца; пулеметчик, передвигающийся по полю боя
606 1 _aБлокада Ленинграда
_xИзображение на почтовых открытках маркированных художественных
_z1941 - 1944
_z1941 - 1945
_92163746
_3RU\NLR\auth\6601539002
686 _aЩ153(2Р=Рус)7-489
686 _aЩ153(2Р=Рус)7-3
700 1 _4040
_aМочалов
_bС. М.
_cхудожник
_f1902-1957
_gСергей Михайлович
_9127710
_3RU\NLR\AUTH\770127735
702 1 _aМатвеев
_bМ. А.
_cкомпозитор
_f1912-1994
_gМихаил Александрович
_4340
702 1 _aДыховичный
_bВ. А.
_f1911-1963
_gВладимир Абрамович
_4570
702 1 _4230
_aКац
_bС. А.
_f1908-1984
_gСигизмунд Абрамович
_3RU\NLR\auth\770128254
_9128227
801 0 _aRU
_bNLR
_c19720101
_gPSBO
801 1 _aRU
_bNLR
_c20131203
_gRCR
852 _aNLR
_bЛ3-310о
_j3/15
856 0 _uhttp://vivaldi.nlr.ru/lo000070259/view
856 1 _uhttp://vivaldi.nlr.ru/lo000070259/cover
856 2 _uhttp://vivaldi.nlr.ru/lo000070259/text
901 _eИзографические материалы
942 _cVISUAL
945 _aРоссийская национальная библиотека
980 _aBV
980 _aNB
981 3 7 _a(37) Ленинград в Великой Отечественной войне
_b(37) Открытки блокадного Ленинграда
981 1 7 _a(17) Изографические материалы
_b(17) Открытки